| 000 | 01160cab a2200325 4500 | ||
|---|---|---|---|
| 001 | ABS47533 | ||
| 008 | 090401t1992 xxu||||| |||| 00| 0 eng d | ||
| 035 | _a(Sirsi) u62416 | ||
| 041 | _aeng | ||
| 100 | _aMarshall, P. | ||
| 245 | _aDevelopment valuation techniques | ||
| 260 | _c1992 | ||
| 350 | _a0 | ||
| 490 |
_aJournal of Property Valuation and Investment _v11(1) Autumn 1992, 57-66(10) |
||
| 520 | _aInvestigates the methods and techniques by which development companies and their advisers value land and projects for development and redevelopment. Notes that some of the responses made in 1989 are no longer applicable in the current economic climate. (Adapted from journal abstract). | ||
| 650 | _aCASH FLOW | ||
| 650 | _aDEVELOPMENT APPRAISAL | ||
| 650 | _aDEVELOPMENT PROJECTS | ||
| 650 | _aDISCOUNTED CASH FLOW | ||
| 650 | _aFORWARD FUNDING APPRAISALS | ||
| 650 | _aGROUND RENTAL VALUATIONS | ||
| 650 | _aRESIDUAL METHOD | ||
| 650 | _aRESIDUAL VALUATION | ||
| 650 | _aSENSITIVITY ANALYSIS | ||
| 650 | _aVALUATION METHODS | ||
| 690 | _aRATING AND VALUATION | ||
| 700 | _aKennedy, C. | ||
| 942 | _n0 | ||
| 948 | _c04/03/1997 | ||
| 999 |
_c38790 _d38790 |
||